Belgium and the Netherlands

Saved in:
Bibliographic Details
Main Author: Johnston, Alexander Keith, 1804-1871.
Corporate Authors: W. & A.K. Johnston Limited., William Blackwood and Sons., David Rumsey Collection., Cartography Associates.
Format: Electronic
Language:English
Published: [1861]
Series:David Rumsey Collection digital maps
Subjects:
Tags: Add Tag
No Tags, Be the first to tag this record!
LEADER 01564cea a2200361Ka 4500
001 012019669-7
005 20090630193750.0
008 021031s1861 stkd a s 0 eng d
034 1 |a a  |b 789237  |d E0023000  |e E0071500  |f N0534000  |g N0493000 
035 0 |a ocm50911637 
040 |a CUY  |c CUY  |d OCLCQ 
043 |a el----- 
052 |a 5990 
100 1 |a Johnston, Alexander Keith,  |d 1804-1871. 
245 1 0 |a Belgium and the Netherlands  |h [electronic resource] /  |c by Keith Johnston, F.R.S.E. ; engraved & printed by W. & A.K. Johnston. 
255 |a Scale 1:789,237. 12.45 miles to an in.  |c (E 2⁰30ʹ--E 7⁰15ʹ/N 53⁰40ʹ--N 49⁰30ʹ). 
260 |c [1861] 
500 |a Relief shown by hachures. 
522 |a Covers also Luxembourg. 
500 |a Shows railroads, canals, forests, sites of battles with dates, etc. 
500 |a Boundaries hand col.; hydrography printed in blue. 
500 |a "Keith Johnston's general atlas." 
500 |a Scanned raster image of original: 1 map : col. ; 58 x 44 cm. 
500 |a Original in the David Rumsey Collection; scanned by Cartography Associates. 
651 0 |a Benelux countries  |v Maps. 
710 2 |a W. & A.K. Johnston Limited. 
710 2 |a William Blackwood and Sons. 
710 2 |a David Rumsey Collection. 
710 2 |a Cartography Associates. 
773 0 |a Johnston, Alexander Keith, 1804-1871.  |t Royal atlas of modern geography  |d Edinburgh ; London : William Blackwood and Sons, l861.  |g p. 16.  |w (OCoLC)50903783 
830 0 |a David Rumsey Collection digital maps  |5 net 
988 |a 20090630 
906 |0 OCLC